| 000 | 00443nam a22001337a 4500 | ||
|---|---|---|---|
| 003 | SGT | ||
| 082 |
_a617.645 _bA25S |
||
| 100 | _aSharma, Mansi | ||
| 245 | _aAssessment of efficacy of glass ionomer sealant (Fuji-VII) v/s Fluoride (MI Varnish) application in primary molars for caries prevention in a split mouth study | ||
| 260 |
_aGurugram, Haryana _bSGT University _c2025 |
||
| 300 | _a82 | ||
| 650 | _aPediatric Dentistry | ||
| 942 |
_2ddc _cTH |
||
| 999 |
_c32074 _d32074 |
||